[Event "Udaipur Kingdom of Chess op 1st"]
[Site "Udaipur"]
[Date "2024.10.24"]
[Round "4"]
[White "Rajith, V."]
[Black "Om, Nagnath Lamkane"]
[Result "1-0"]
[WhiteElo "1675"]
[BlackElo "1910"]
[PlyCount "135"]
[EventDate "2024.10.23"]
[EventType "swiss"]
[EventRounds "9"]
[EventCountry "IND"]
[SourceTitle "CB44_2024"]
[Source "Chessbase"]
[SourceDate "2024.10.30"]
[SourceVersion "1"]
[SourceVersionDate "2024.10.30"]
[SourceQuality "1"]

1. e4 c5 2. Nf3 d6 3. d4 cxd4 4. Nxd4 Nf6 5. Nc3 a6 6. Bg5 e6 7. f4 Nbd7 8. Qf3 Be7 9. 0-0-0 Qc7 10. Bd3 b5 11. Rhe1 Bb7 12. Nd5 exd5 13. Nf5 Kf8 14. Qg3 Rg8 15. Nxe7 Kxe7 16. e5 dxe5 17. fxe5 Kf8 18. Bf5 h6 19. Bd2 Ne4 20. Rxe4 a5 21. Re2 Nc5 22. Bf4 Ne6 23. Bxe6 fxe6 24. Rf1 Ke7 25. Qh4+ Kd7 26. Bxh6 Kc6 27. Rf3 b4 28. Bd2 Ba6 29. Re1 Rgf8 30. Qg4 Qe7 31. Bg5 Qd7 32. Be3 Rxf3 33. gxf3 Kb7 34. Rg1 Rg8 35. Qd4 Qc6 36. Rg6 Kc8 37. f4 a4 38. f5 b3 39. axb3 axb3 40. Qc5 Qxc5 41. Bxc5 Rh8 42. cxb3 Rxh2 43. fxe6 Bd3 44. Rg3 Rc2+ 45. Kd1 Rxc5 46. Rxd3 Kd8 47. Rg3 Ke7 48. Rxg7+ Kxe6 49. Rg5 Rb5 50. Kc2 Rc5+ 51. Kd3 Rc1 52. Kd2 Rc8 53. Kd3 Rc1 54. b4 Rc4 55. b5 Rb4 56. b6 Rxb2 57. Kd4 Rb5 58. Rg6+ Kf7 59. Rc6 Ke7 60. Rd6 Kf7 61. Rh6 Ke7 62. Rh7+ Ke6 63. b7 Rb1 64. Rh6+ Kf7 65. Kc5 Rc1+ 66. Kxd5 Rb1 67. Kc6 Ke7 68. Kc7 1-0

[Event "IND-ch 59th"]
[Site "New Delhi"]
[Date "2022.12.23"]
[Round "2"]
[White "Nambiar, Vivek"]
[Black "Rajith, V."]
[Result "1-0"]
[WhiteElo "1969"]
[BlackElo "1635"]
[PlyCount "87"]
[EventDate "2022.12.22"]
[EventType "swiss"]
[EventRounds "13"]
[EventCountry "IND"]
[SourceTitle "CBM 211 Extra"]
[Source "ChessBase"]
[SourceDate "2023.01.31"]
[SourceVersion "1"]
[SourceVersionDate "2023.01.31"]
[SourceQuality "1"]

1. Nf3 Nf6 2. c4 g6 3. d4 Bg7 4. Nc3 0-0 5. Bg5 h6 6. Bh4 d6 7. e3 Nbd7 8. Be2 c6 9. 0-0 Qc7 10. Qc2 Re8 11. b4 e5 12. dxe5 dxe5 13. Nd2 Nf8 14. c5 Nd5 15. Rab1 a5 16. a3 axb4 17. axb4 Ra3 18. Rb3 Rxb3 19. Qxb3 Be6 20. Bc4 Nxc3 21. Qxc3 g5 22. Bg3 f5 23. f3 b5 24. cxb6 Qxb6 25. Bxe6+ Rxe6 26. Nc4 Qb5 27. e4 fxe4 28. fxe4 c5 29. bxc5 Qxc5+ 30. Bf2 Qb5 31. Ne3 Qe2 32. Nf5 Qxe4 33. Nxg7 Kxg7 34. Qc7+ Kg6 35. Bc5 Kh5 36. Bxf8 Qd4+ 37. Kh1 Rf6 38. Qc1 e4 39. Rxf6 Qxf6 40. Qd1+ g4 41. h3 Qf5 42. hxg4+ Qxg4 43. Qxg4+ Kxg4 44. Bxh6 1-0

[Event "IND-chT 40th"]
[Site "Ahmedabad"]
[Date "2020.02.13"]
[Round "9.6"]
[White "Adarsh, Tripathi"]
[Black "Rajith, V."]
[Result "1-0"]
[WhiteElo "2100"]
[BlackElo "1752"]
[PlyCount "45"]
[EventDate "2020.02.07"]
[EventType "team-swiss"]
[EventRounds "9"]
[EventCountry "IND"]
[SourceTitle "CBM 194 Extra"]
[Source "ChessBase"]
[SourceDate "2020.03.31"]
[SourceVersion "1"]
[SourceVersionDate "2020.03.31"]
[SourceQuality "1"]
[WhiteTeam "Delhi II"]
[BlackTeam "LIC"]
[WhiteTeamCountry "IND"]
[BlackTeamCountry "IND"]

1. e4 Nf6 2. Nc3 d5 3. e5 Nfd7 4. d4 e6 5. Nf3 c5 6. dxc5 Bxc5 7. Bd3 Nc6 8. Bf4 a6 9. Qe2 Nd4 10. Nxd4 Bxd4 11. 0-0 0-0 12. Bxh7+ Kxh7 13. Qd3+ g6 14. Qxd4 f5 15. Qe3 Rh8 16. Ne2 Kg7 17. Nd4 Kf7 18. Rad1 Qh4 19. Nf3 Qe7 20. c4 dxc4 21. Rd6 Nf8 22. Bg5 Qc7 23. Bd8 1-0

[Event "IND-chT 36th"]
[Site "Bhubaneswar"]
[Date "2016.02.09"]
[Round "3"]
[White "Swayams, Mishra"]
[Black "Rajith, V."]
[Result "1-0"]
[WhiteElo "2478"]
[BlackElo "1866"]
[PlyCount "79"]
[EventDate "2016.02.08"]
[EventType "team-swiss"]
[EventRounds "9"]
[EventCountry "IND"]
[SourceTitle "CBM 170 Extra"]
[Source "ChessBase"]
[SourceDate "2016.02.25"]
[SourceVersion "1"]
[SourceVersionDate "2016.02.25"]
[SourceQuality "1"]
[WhiteTeam "Air India"]
[BlackTeam "Life Insurance Corporation"]
[WhiteTeamCountry "IND"]
[BlackTeamCountry "IND"]

1. d4 Nf6 2. c4 g6 3. Nc3 Bg7 4. e4 d6 5. Nf3 0-0 6. Be2 e5 7. 0-0 Nc6 8. d5 Ne7 9. Ne1 Nd7 10. Be3 f5 11. f3 f4 12. Bf2 g5 13. a4 Ng6 14. a5 Nf6 15. c5 h5 16. cxd6 cxd6 17. Nb5 g4 18. Nxa7 g3 19. Bb6 gxh2+ 20. Kh1 Qe7 21. Nxc8 Rfxc8 22. Nd3 h4 23. Nf2 Nh5 24. Kxh2 h3 25. Nxh3 Bf6 26. Qd3 Bh4 27. Rfc1 Bg3+ 28. Kg1 Kh8 29. Rxc8+ Rxc8 30. b4 Nh4 31. Bf1 Qg7 32. b5 Rg8 33. Ra2 Be1 34. a6 bxa6 35. bxa6 Ng3 36. a7 Qb7 37. Qa6 Qa8 38. Kh2 Bb4 39. Bb5 Rc8 40. Qxc8+ 1-0